000 00704nam a2200289Ia 4500
005 20260324133045.0
008 008 260324s9999 xx 000 0 eng d
020 _a9781315135311
037 _aEBOOK
040 _aCRL
040 _beng
040 _cCRL
041 _2eng
041 _aeng
084 _qCRL
100 _aJohn Mill
_91191631
245 4 _aThe Survival of a Counterculture
245 0 _bIdeological Work and Everyday Life among Rural Communards
260 _bTaylor and Francis
260 _c2004
365 _a
365 _b230
856 _uhttp://www.taylorfrancis.com/books/9781315135311
942 _cEBOOK
999 _c1790334
_d1790334